000 01285cam a22003617a 4500
003 CHAP
005 20220329142605.0
008 010926d2000 uk r 00110 eng d
010 _a85369
011 _a86341
020 _a0748406204
035 _a96879
040 _cCHAP
082 0 4 _a581.19203
_bH3 1999
100 0 0 _aHarborne, Jeffrey Barry
_952623
245 1 0 _aPhytochemical dictionary :
_ba handbook of bioactive compounds from plants
_c/by Jeffrey B. Harborne, Herbert Baxter and Gerard P. Moss
250 _a2ed.
260 _aPhiladelphia :
_bTaylor & Francis,
_c1999.
300 _a976 p. :
_bilus.
590 _aBATCH-UPD
_b10
_c20130110
_lUCH01
_h0717
590 _aBATCH-UPD
_b10
_c20130111
_lUCH01
_h0002
590 _aBATCH-UPD
_b10
_c20130410
_lUCH01
_h0402
590 _aBATCH-UPD
_b10
_c20130914
_lUCH01
_h1601
590 _aCONVERSION
_b10
_c20130109
_lUCH01
_h1347
650 1 4 _aQuĂ­mica vegetal
_xDiccionarios.
_993605
700 0 0 _aBaxter, Herbert.
_910985
700 0 0 _aMoss, Gerard P.
_979036
901 _aBK
905 _aAlejandra Carrasco M.
942 _cLIBRO
949 _a581.19203 H3 1999
_bBC
_cLIBRO
_d33724000863056
_eLIBRO
_h102168
_i96879
_sb
_t$ 475.00
949 _a581.19203 H3 1999
_bBC
_cLIBRO
_d33724000888590
_eLIBRO
_fc.2
_h103550
_i96879
_si
_t$ 4988.
999 _c85369
_d85369